Об установлении единой системы индустриально-технического образования

Доступно только в Электронных читальных залах Найти на картеНа карте
RUSMARC
00003922nac2a22002653x 450
001d46ac699-1738-494a-ae0c-cf8a2b2b1c9b
00520230717234640.0
100##$a20230613l19291930k y0rusy50 ca
1010#$arus
$amul
102##$aRU
105##$ay z |||||
1222#$ad19290823
$ad19300309
2001#$aОб установлении единой системы индустриально-технического образования
$j23.08.1929 - 09.03.1930
215##$a25 листов
$d36,1 х 22,7
251##$cДело
300##$aЧасть текста на языках народов СССР
300##$aВ деле обратная нумерация листов
300##$aЧасть текста машинописная и рукописная, часть - напечатана типографским способом
324##$aВ деле имеются копии отдельных документов
461#0$1001796d4672-8a00-4986-b488-6e42273792cc
$12001
$aЦЕНТРАЛЬНЫЙ ИСПОЛНИТЕЛЬНЫЙ КОМИТЕТ СССР (ЦИК СССР).
$1251
$cФонд
$1852
$gР
$j3316
462#0$10016e6e8ba4-e15f-4ad4-8937-f1e88c150bfe
$12001
$aДела Секретариата Президиума ЦИК Союза ССР. 1929 г.
$vД. 841
$1251
$cОпись
$1852
$j22
60101$3RU\NLR\AUTH\880357276
$aСССР
$bЦИК
801#0$aRU
$bGA_RF
801#1$aRU
$bГлавНИВЦ
$c20230613
$2rusmarc
801#2$aRU
$bПБ им. Б.Н. Ельцина
$c20230717
$gRCR
$2rusmarc
852##$aГА РФ
$j841
937##$d186581354
$hГАРФ
035##$aRuPRLIB51072351
856##$uhttp://readingroom.main.prlib.ru/item.aspx?id_node=n186581354&mode=full
Формат отображения